| 000 | 00000nam##2200000za#4500 |
| 001 | 9.695833 |
| 003 | CaOODSP |
| 005 | 20210624234745 |
| 007 | cr ||||||||||| |
| 008 | 150407|1998||||xxc|||||o f|0| 0 eng|d |
| 040 | |aCaOODSP|beng |
| 043 | |an-cn--- |
| 086 | 1 |aSE1-2/1998-2E-PDF |
| 110 | 1 |aCanada.|bElections Canada. |bChief Electoral Officer of Canada. |
| 245 | 10|aReport of the Chief Electoral Officer of Canada following the Sherbrooke by-election |h[electronic resource] |
| 260 | |aOttawa - Ontario : |bElections Canada. |cc1998. |
| 300 | |a21p.|bfig., graph, tables |
| 500 | |aThe catalogue number (SE1-2/1998-2) and ISBN (0-662-63927-8) for the bilingual print edition have been incorrectly copied in this electronic publication. |
| 520 | 3 |a"This report of the Speaker of the House of Commons, following the by-election in the electoral district of Sherbrooke on September 14, 1998, provides details of the by-election and Elections Canada's activities since the Port Moody--Coquitlam by-election in March 1998."--p.7 of 21. |
| 590 | |a12-05-Supp|b2012-03-02 |
| 690 | 07|aBy-elections|2gcpds |
| 775 | 08|tRapport du directeur général des élections du Canada sur l'élection partielle dans Sherbrooke |w(CaOODSP)9.639930 |
| 776 | 0#|tReport of the Chief Electoral Officer of Canada : |w(CaOODSP)9.660633 |
| 776 | 0#|tRapport du directeur général des élections du Canada : |w(CaOODSP)9.660634 |
| 856 | 40|ahttp://publications.gc.ca|qPDF|s470 KB|uhttps://publications.gc.ca/collections/Collection/SE1-2-1998-2E.pdf |
| 986 | |aEC 94420 |